Statystyki dla Premier League TOTS - FIFA 22

Kliknij tutaj aby rozwiązać quiz!

Ogólne statystyki

  • Ten quiz został rozwiązany 489 razy
  • Średni wynik to 14 z 15

Statystyki odpowiedzi

OverallNarodowośćKlubPiłkarz% Poprawnych
97EgiptLiverpoolSalah
98%
96SenegalLiverpoolMane
97%
97PortugaliaManchester UnitedRonaldo
97%
95Korea PołudniowaTottenhamSon
97%
95BrazyliaLiverpoolAlisson
95%
96HolandiaLiverpoolVan Dijk
95%
96BelgiaManchester CityDe Bruyne
93%
94PortugaliaManchester CitySilva
91%
95PortugaliaManchester CityDias
90%
93PortugaliaManchester UnitedFernandes
90%
95PortugaliaManchester CityCancelo
88%
90HiszpaniaManchester CityRodri
87%
91PortugaliaLiverpoolJota
84%
92AngliaWest HamRice
82%
92AngliaLiverpoolAlexander-Arnold
75%

Rozkład punktacji

Percentyl według liczby udzielonych odpowiedzi

Procent ludzi z każdym wynikiem

Twoja historia wyników

Nie rozwiązałeś tego quizu